Central Library OPAC University of Rajshahi

Deconvolution of seismic data / (Record no. 11168)

MARC details
000 -LEADER
fixed length control field 01027cam a2200289 a 4500
001 - CONTROL NUMBER
control field 11168
003 - CONTROL NUMBER IDENTIFIER
rucl marc code BD-RjUL
005 - DATE AND TIME OF LATEST TRANSACTION
control field 20211208235100.0
008 - FIXED-LENGTH DATA ELEMENTS--GENERAL INFORMATION
fixed length control field 14126s1982 paua b 001 0 eng
020 ## - INTERNATIONAL STANDARD BOOK NUMBER
International Standard Book Number 0879334061
035 ## - SYSTEM CONTROL NUMBER
System control number (BD-RjUL)11217
040 ## - CATALOGING SOURCE
Original cataloging agency LC
Language of cataloging eng
Transcribing agency LC
Modifying agency NNCU:A
-- BD-RjUL
041 ## - LANGUAGE CODE
Language code of text/sound track or separate title eng
082 04 - DEWEY DECIMAL CLASSIFICATION NUMBER
Classification number 551.2202854
Edition number 19
Author mark and year DEC 1982
245 00 - TITLE STATEMENT
Title Deconvolution of seismic data /
Statement of responsibility, etc. edited by V.K. Arya and J.K. Aggarwal.
260 ## - PUBLICATION, DISTRIBUTION, ETC. (IMPRINT)
Place of publication, distribution, etc. Stroudsburg, Pa. :
Name of publisher, distributor, etc. Hutchinson Ross Pub. Co.,
Date of publication, distribution, etc. c1982.
300 ## - PHYSICAL DESCRIPTION
Pagination xiii, 308 p. :
Illustrations ill. ;
Size 27 cm.
504 ## - BIBLIOGRAPHY, ETC. NOTE
Bibliography, etc Includes bibliographies and indexes.
650 #0 - SUBJECT ADDED ENTRY--TOPICAL TERM
Topical term or geographic name as entry element Seismology
General subdivision Data processing.
9 (RLIN) 34545
Topical term or geographic name as entry element Seismic reflection method
General subdivision Deconvolution.
9 (RLIN) 34546
Topical term or geographic name as entry element Time-series analysis.
9 (RLIN) 20577
700 1# - ADDED ENTRY--PERSONAL NAME
Personal name Aggarwal, J. K.
Fuller form of name (Jagdishkumar Keshoram),
Dates associated with a name 1936-
Personal name Arya, V. K.,
Dates associated with a name 1939-
942 ## - ADDED ENTRY ELEMENTS (KOHA)
Source of classification or shelving scheme Dewey Decimal Classification
Koha item type Books
Holdings
Lost status Source of classification or shelving scheme Damaged status Not for loan Collection code Permanent Location Current Location Shelving location Date acquired Source of acquisition Total Checkouts Full call number Date last seen Copy number Koha item type
  Dewey Decimal Classification   Not For Loan Non-fiction Central Library, University of Rajshahi Central Library, University of Rajshahi Reading Room 01/06/1992 Asia foundation   551.2202854 DEC 1982 26/01/2014 C-3 Books
  Dewey Decimal Classification     Non-fiction Central Library, University of Rajshahi Central Library, University of Rajshahi   17/05/1990     551.2202854 DEC 1982 15/10/2016 C-2 Books
  Dewey Decimal Classification   Not For Loan Non-fiction Central Library, University of Rajshahi Central Library, University of Rajshahi Reading Room 17/05/1990 Asia Foundation   551.2202854 DEC 1982 16/05/2017 C-1 Books